[Event "SVK-chT 2223"]
[Site "Slovakia"]
[Date "2023.04.01"]
[Round "10.2"]
[White "Rohacek, Miroslav"]
[Black "Kostelny, Jozef"]
[Result "1/2-1/2"]
[WhiteElo "2197"]
[BlackElo "2124"]
[PlyCount "107"]
[EventDate "2022.10.22"]
[EventType "team-tourn"]
[EventRounds "11"]
[EventCountry "SVK"]
[SourceTitle "EXT 2024"]
[Source "ChessBase"]
[SourceDate "2023.10.10"]
[SourceVersion "1"]
[SourceVersionDate "2023.10.10"]
[SourceQuality "1"]
[WhiteTeam "Osuske"]
[BlackTeam "Zilina Mladost"]
[WhiteTeamCountry "SVK"]
[BlackTeamCountry "SVK"]

1. e4 c5 2. Nf3 Nc6 3. Bb5 g6 4. 0-0 Bg7 5. Bxc6 dxc6 6. d3 Nf6 7. h3 0-0 8. Nc3 b6 9. Be3 h6 10. a3 Kh7 11. Qd2 Nd7 12. b4 e5 13. Nh2 f5 14. exf5 gxf5 15. f4 Qe7 16. bxc5 exf4 17. Bf2 Nxc5 18. Rae1 Qd6 19. Nf3 Bd7 20. Kh1 Rae8 21. Bxc5 Qxc5 22. Ne2 Re3 23. Nxf4 Rfe8 24. d4 Qxa3 25. Ne5 Rxe1 26. Rxe1 Qd6 27. Re2 a5 28. Nh5 Bh8 29. Qf4 Rf8 30. Re3 Be8 31. Ng3 Bxe5 32. Rxe5 Bd7 33. Qh4 Rf7 34. Nh5 a4 35. c3 a3 36. Qe1 a2 37. Re2 f4 38. Rxa2 Qg6 39. g4 fxg3 40. Nxg3 Bxh3 41. Rf2 Rxf2 42. Qxf2 Be6 43. Qe3 b5 44. Kh2 Qg4 45. Qe5 Kg6 46. Qb8 Qh3+ 47. Kg1 Bd5 48. Qe8+ Kg5 49. Qe5+ Kg4 50. Ne4 Kf3 51. Nd2+ Kg4 52. Ne4 Kf3 53. Nd2+ Kg4 54. Ne4 1/2-1/2

[Event "SVK-chT2C 2223"]
[Site "Slovakia"]
[Date "2023.03.25"]
[Round "10.1"]
[White "Kostelny, Jozef"]
[Black "Mede, Istvan"]
[Result "0-1"]
[WhiteElo "2124"]
[BlackElo "2226"]
[PlyCount "74"]
[EventDate "2022.10.08"]
[EventType "team-tourn"]
[EventRounds "11"]
[EventCountry "SVK"]
[SourceTitle "EXT 2024"]
[Source "ChessBase"]
[SourceDate "2023.10.10"]
[SourceVersion "1"]
[SourceVersionDate "2023.10.10"]
[SourceQuality "1"]
[WhiteTeam "Zilina Mladost IV"]
[BlackTeam "Vinica"]
[WhiteTeamCountry "SVK"]
[BlackTeamCountry "SVK"]

1. c4 g6 2. Nc3 Bg7 3. g3 c5 4. Bg2 Nc6 5. Nf3 d6 6. 0-0 Bf5 7. b3 Qd7 8. Re1 Bh3 9. Bh1 h5 10. Bb2 h4 11. Qb1 hxg3 12. fxg3 e5 13. e3 0-0-0 14. a3 f5 15. Nd5 Rh5 16. d3 g5 17. b4 f4 18. Nd2 fxg3 19. hxg3 Nf6 20. Nxf6 Bxf6 21. Ne4 Be7 22. b5 Nb8 23. Re2 Bg4 24. Rh2 Rxh2 25. Kxh2 Rf8 26. Bg2 Qf5 27. Qc2 Nd7 28. Kg1 Bf3 29. Re1 Nf6 30. Nxf6 Rxf6 31. Bxf3 Qxf3 32. Qg2 Qg4 33. Bc1 Rf3 34. Kh2 e4 35. d4 d5 36. dxc5 Bxc5 37. Qh3 Rf2+ 0-1

[Event "SVK-chT1E 2223"]
[Site "Slovakia"]
[Date "2023.02.05"]
[Round "9.3"]
[White "Cech, Dominik"]
[Black "Kostelny, Jozef"]
[Result "0-1"]
[WhiteElo "2056"]
[BlackElo "2118"]
[PlyCount "96"]
[EventDate "2022.10.15"]
[EventType "team-tourn"]
[EventRounds "11"]
[EventCountry "SVK"]
[SourceTitle "EXT 2024"]
[Source "ChessBase"]
[SourceDate "2023.10.10"]
[SourceVersion "1"]
[SourceVersionDate "2023.10.10"]
[SourceQuality "1"]
[WhiteTeam "Michalovce Zemplin"]
[BlackTeam "Zilina Mladost II"]
[WhiteTeamCountry "SVK"]
[BlackTeamCountry "SVK"]

1. e4 g6 2. d4 Bg7 3. Nc3 d6 4. Nf3 a6 5. a4 Nf6 6. Be2 0-0 7. 0-0 Nc6 8. h3 Nd7 9. Bg5 h6 10. Bh4 Nb4 11. Qd2 c5 12. d5 Nf6 13. Bxf6 exf6 14. a5 f5 15. exf5 Bxf5 16. Rfc1 Re8 17. Bf1 b5 18. axb6 Qxb6 19. g4 Bd7 20. Nd1 Qb7 21. c3 Nxd5 22. Bg2 Bc6 23. Nh4 Re6 24. Ne3 Nxe3 25. fxe3 Bf6 26. Bxc6 Qxc6 27. Ng2 Qf3 28. Rf1 Qxh3 29. Nf4 Qxg4+ 30. Qg2 Qxg2+ 31. Kxg2 Re5 32. Rad1 Rg5+ 33. Kf3 Be5 34. Rh1 Kg7 35. Ne2 Rb8 36. Rb1 h5 37. Rh4 Rf5+ 38. Kg2 Kh6 39. Ra4 Rb6 40. b4 cxb4 41. Rbxb4 Rc6 42. Rb3 g5 43. Rba3 h4 44. Rxa6 Rxa6 45. Rxa6 g4 46. Nd4 h3+ 47. Kg1 h2+ 48. Kg2 Rf1 0-1

[Event "SVK-chT1E 2223"]
[Site "Slovakia"]
[Date "2023.02.04"]
[Round "8.3"]
[White "Kostelny, Jozef"]
[Black "Sepesi, Samuel"]
[Result "0-1"]
[WhiteElo "2118"]
[BlackElo "2108"]
[PlyCount "98"]
[EventDate "2022.10.15"]
[EventType "team-tourn"]
[EventRounds "11"]
[EventCountry "SVK"]
[SourceTitle "EXT 2024"]
[Source "ChessBase"]
[SourceDate "2023.10.10"]
[SourceVersion "1"]
[SourceVersionDate "2023.10.10"]
[SourceQuality "1"]
[WhiteTeam "Zilina Mladost II"]
[BlackTeam "Humenne Reinter II"]
[WhiteTeamCountry "SVK"]
[BlackTeamCountry "SVK"]

1. d4 Nf6 2. c4 g6 3. Nc3 Bg7 4. e4 d6 5. Nf3 0-0 6. Be2 Bg4 7. 0-0 Nfd7 8. Be3 Nc6 9. d5 Bxf3 10. gxf3 Nb4 11. f4 Bxc3 12. bxc3 Na6 13. f5 Nac5 14. Qd4 e5 15. dxe6 fxe6 16. f4 Qf6 17. fxg6 hxg6 18. e5 Qf5 19. exd6 cxd6 20. Qxd6 Rf7 21. Bf3 Rc8 22. Bg2 Nf6 23. Qe5 Qxe5 24. fxe5 Nfd7 25. Rxf7 Kxf7 26. Rf1+ Kg7 27. Bg5 b6 28. Be7 Nd3 29. Bh3 Rc6 30. Bd6 N7xe5 31. Bf8+ Kg8 32. Bh6 Nd7 33. Rf3 N3e5 34. Re3 Kf7 35. Bf4 Nxc4 36. Rd3 Nde5 37. Rd8 g5 38. Bg2 gxf4 39. Bxc6 Nxc6 40. Rc8 N4e5 41. h4 Nf3+ 42. Kf2 Nce5 43. h5 Ng5 44. Kf1 f3 45. Rc7+ Kf6 46. Rxa7 Ng4 47. Ra4 Kf5 48. Ra8 Ne4 49. Rf8+ Kg5 0-1

[Event "SVK-chT 2223"]
[Site "Slovakia"]
[Date "2022.10.22"]
[Round "1.5"]
[White "Kostelny, Jozef"]
[Black "Blaho, Stefan"]
[Result "1-0"]
[WhiteElo "2124"]
[BlackElo "2030"]
[PlyCount "87"]
[EventDate "2022.10.22"]
[EventType "team-tourn"]
[EventRounds "11"]
[EventCountry "SVK"]
[SourceTitle "EXT 2024"]
[Source "ChessBase"]
[SourceDate "2023.10.10"]
[SourceVersion "1"]
[SourceVersionDate "2023.10.10"]
[SourceQuality "1"]
[WhiteTeam "Zilina Mladost"]
[BlackTeam "Podhajska Aquamarin"]
[WhiteTeamCountry "SVK"]
[BlackTeamCountry "SVK"]

1. d4 d5 2. c4 e6 3. Nf3 Nf6 4. g3 Bb4+ 5. Nc3 dxc4 6. Bg2 0-0 7. 0-0 Nbd7 8. Qc2 Rb8 9. Rd1 Qe7 10. e4 h6 11. e5 Nd5 12. Nxd5 exd5 13. a3 Ba5 14. Nh4 Nb6 15. f4 Bd7 16. Qe2 f5 17. Ng6 Qf7 18. Nxf8 Rxf8 19. Bd2 Bxd2 20. Qxd2 Ba4 21. Re1 Qe6 22. Bf3 Bb3 23. Bd1 Bxd1 24. Raxd1 Rd8 25. Qb4 Kf7 26. a4 Qe7 27. Qa5 a6 28. Ra1 Ke6 29. Qc3 c5 30. Qa5 Nd7 31. Rad1 Rc8 32. Qc3 cxd4 33. Rxd4 Qc5 34. Red1 a5 35. Kh1 Nb6 36. g4 Rf8 37. gxf5+ Rxf5 38. Qg3 Qf8 39. Qg6+ Ke7 40. Qxb6 Rxf4 41. Qd6+ Ke8 42. Qxf8+ Rxf8 43. Rxd5 Rf2 44. R1d2 1-0

[Event "SVK-chT1W 2122"]
[Site "Slovakia"]
[Date "2022.04.23"]
[Round "8.4"]
[White "Rohacek, Miroslav"]
[Black "Kostelny, Jozef"]
[Result "1-0"]
[WhiteElo "2182"]
[BlackElo "2134"]
[PlyCount "59"]
[EventDate "2021.11.06"]
[EventType "team-tourn"]
[EventRounds "11"]
[EventCountry "SVK"]
[SourceTitle "EXT 2023"]
[Source "ChessBase"]
[SourceDate "2022.10.05"]
[SourceVersion "1"]
[SourceVersionDate "2022.10.05"]
[SourceQuality "1"]
[WhiteTeam "Bratislava KSN"]
[BlackTeam "Povazska Bystrica"]
[WhiteTeamCountry "SVK"]
[BlackTeamCountry "SVK"]

1. e4 g6 2. d4 Bg7 3. Nc3 d6 4. Nf3 Nf6 5. Be2 0-0 6. 0-0 Nc6 7. d5 Ne5 8. Nxe5 dxe5 9. Bg5 c6 10. dxc6 bxc6 11. Qxd8 Rxd8 12. Rfd1 Be6 13. f3 Rxd1+ 14. Rxd1 Kf8 15. Ba6 Rb8 16. Na4 Nd7 17. Bc4 Bxc4 18. Rxd7 Bf6 19. Be3 a5 20. b3 Bb5 21. Nc5 Ra8 22. a4 Ba6 23. Rc7 Ke8 24. Rxc6 Bc8 25. Bd2 Kd8 26. Rb6 Kc7 27. Rb5 Kc6 28. Bxa5 Bg5 29. Kf2 Bc1 30. Nd3 1-0

[Event "SVK-chT2C 2122"]
[Site "Slovakia"]
[Date "2022.03.27"]
[Round "9.3"]
[White "Miklas, Marian"]
[Black "Kostelny, Jozef"]
[Result "0-1"]
[WhiteElo "2016"]
[BlackElo "2134"]
[PlyCount "48"]
[EventDate "2021.10.16"]
[EventType "team-tourn"]
[EventRounds "11"]
[EventCountry "SVK"]
[SourceTitle "EXT 2023"]
[Source "ChessBase"]
[SourceDate "2022.10.05"]
[SourceVersion "1"]
[SourceVersionDate "2022.10.05"]
[SourceQuality "1"]
[WhiteTeam "Banska Bystrica Kurta"]
[BlackTeam "Zilina Mladost II"]
[WhiteTeamCountry "SVK"]
[BlackTeamCountry "SVK"]

1. Nf3 d6 2. d4 g6 3. g3 Bg7 4. Bg2 f5 5. 0-0 Nf6 6. Nc3 0-0 7. d5 c6 8. Nd4 cxd5 9. Nxd5 e6 10. Nc3 d5 11. Nb3 Nc6 12. Be3 Ng4 13. Bc5 Rf7 14. h3 Nge5 15. Nd4 Qa5 16. b4 Qd8 17. b5 Ne7 18. e3 Bd7 19. Rb1 Rc8 20. Bb4 a5 21. bxa6 bxa6 22. Nce2 a5 23. Bd6 Nc4 24. Rb7 Nxd6 0-1

[Event "SVK-chT1W 2122"]
[Site "Slovakia"]
[Date "2022.02.26"]
[Round "3.4"]
[White "Privara, Igor"]
[Black "Kostelny, Jozef"]
[Result "0-1"]
[WhiteElo "2081"]
[BlackElo "2134"]
[PlyCount "126"]
[EventDate "2021.11.06"]
[EventType "team-tourn"]
[EventRounds "11"]
[EventCountry "SVK"]
[SourceTitle "EXT 2023"]
[Source "ChessBase"]
[SourceDate "2022.10.05"]
[SourceVersion "1"]
[SourceVersionDate "2022.10.05"]
[SourceQuality "1"]
[WhiteTeam "Bratislava Slovan II"]
[BlackTeam "Povazska Bystrica"]
[WhiteTeamCountry "SVK"]
[BlackTeamCountry "SVK"]

1. e4 c5 2. c3 g6 3. d4 Bg7 4. dxc5 Nc6 5. Be3 Nf6 6. Nd2 0-0 7. h3 b6 8. Ngf3 bxc5 9. Bxc5 Rb8 10. Qc2 Qc7 11. Be3 d5 12. Bd3 dxe4 13. Nxe4 Nxe4 14. Bxe4 Ba6 15. 0-0-0 Na5 16. Bd5 Nc4 17. Bxc4 Bxc4 18. b3 Qa5 19. Kb2 Rfc8 20. Bd4 e5 21. Be3 Rc6 22. Nd2 Be6 23. Ne4 Ra6 24. Kc1 Bf5 25. f3 Qxa2 26. Qxa2 Rxa2 27. g4 Bxe4 28. fxe4 Bf8 29. b4 a5 30. Kb1 Re2 31. Rhe1 Rh2 32. Rh1 Rxh1 33. Rxh1 axb4 34. c4 Rd8 35. Kc2 Ra8 36. Rb1 Ra3 37. Rb3 Ra4 38. Kd3 f6 39. c5 Ra1 40. Kc4 Kf7 41. Kxb4 Ke6 42. Kb5 Kd7 43. c6+ Kc8 44. Bb6 Bd6 45. Kc4 Bc7 46. Bc5 Rd1 47. Ra3 Kb8 48. Be7 Rd4+ 49. Kc5 Rxe4 50. Bxf6 Re1 51. Bg5 Rd1 52. Rf3 Bd6+ 53. Kb5 e4 54. Rf7 Rd5+ 55. Kb6 Bc5+ 56. Ka6 Rxg5 57. c7+ Kc8 58. Kb5 Ba7+ 59. Kc6 Rc5+ 60. Kd6 e3 61. Rxh7 Rc2 62. Rh8+ Kb7 63. Re8 Rxc7 0-1

[Event "SVK-chT 1920"]
[Site "Slovakia"]
[Date "2020.09.06"]
[Round "11.6"]
[White "Kostelny, Jozef"]
[Black "Borosova, Zuzana"]
[Result "0-1"]
[WhiteElo "2152"]
[BlackElo "2256"]
[PlyCount "112"]
[EventDate "2019.10.19"]
[EventType "team-tourn"]
[EventRounds "11"]
[EventCountry "SVK"]
[SourceTitle "EXT 2021"]
[Source "ChessBase"]
[SourceDate "2020.10.23"]
[SourceVersion "1"]
[SourceVersionDate "2020.10.23"]
[SourceQuality "1"]
[WhiteTeam "Zilina Mladost"]
[BlackTeam "Podhajska Aquamarin"]
[WhiteTeamCountry "SVK"]
[BlackTeamCountry "SVK"]

1. d4 d5 2. c4 c6 3. Nf3 Nf6 4. Nc3 dxc4 5. g3 g6 6. Bg2 Bg7 7. 0-0 0-0 8. a4 Na6 9. a5 Nc7 10. e4 Bg4 11. Ra4 Nb5 12. e5 Nxc3 13. bxc3 Nd5 14. Qd2 b5 15. axb6 axb6 16. Rxc4 Ra5 17. Ng5 Bc8 18. Re1 h6 19. Nh3 Ba6 20. Rxc6 Bb5 21. Bxd5 Qxd5 22. Rxb6 Bc6 23. Rxc6 Qxc6 24. e6 g5 25. f4 g4 26. Nf2 f5 27. Nd3 Rd8 28. Nb4 Qc4 29. Bb2 Rb5 30. Nd3 Rb3 31. Ne5 Qxe6 32. Qc2 Rdb8 33. Ba1 Bxe5 34. fxe5 R3b6 35. c4 Rc8 36. Rc1 Rbc6 37. c5 Qd7 38. e6 Qxe6 39. Rf1 Rf8 40. Qc3 Qd5 41. Re1 Rb8 42. Rxe7 Rb1+ 43. Re1 Rxe1+ 44. Qxe1 Re6 45. Qd1 Qe4 46. Kf2 Qd5 47. Bc3 Kf7 48. Qd3 Kg6 49. Kg1 h5 50. Bd2 Kf7 51. Bf4 Re1+ 52. Kf2 Ra1 53. c6 Rh1 54. c7 Rxh2+ 55. Ke1 Qh1+ 56. Qf1 Qe4+ 0-1

[Event "SVK-chT1W 1920"]
[Site "Slovakia"]
[Date "2020.06.21"]
[Round "11.3"]
[White "Kostelny, Jozef"]
[Black "Vegh, Vince"]
[Result "1-0"]
[WhiteElo "2143"]
[BlackElo "1916"]
[PlyCount "71"]
[EventDate "2019.10.12"]
[EventType "team-tourn"]
[EventRounds "11"]
[EventCountry "SVK"]
[SourceTitle "EXT 2022"]
[Source "ChessBase"]
[SourceDate "2021.10.06"]
[SourceVersion "1"]
[SourceVersionDate "2021.10.06"]
[SourceQuality "1"]
[WhiteTeam "Povazska Bystrica"]
[BlackTeam "Orechova Poton"]
[WhiteTeamCountry "SVK"]
[BlackTeamCountry "SVK"]

1. d4 d5 2. c4 c6 3. Nf3 Nf6 4. Nc3 e6 5. g3 Be7 6. Bg2 dxc4 7. a4 Nd5 8. 0-0 0-0 9. Ne5 Nd7 10. Nxc4 N7f6 11. a5 c5 12. a6 b6 13. e4 Nxc3 14. bxc3 cxd4 15. cxd4 Bd7 16. d5 Bc5 17. Bf4 Bb5 18. Qb3 Bxc4 19. Qxc4 Rc8 20. Qd3 exd5 21. exd5 Bd6 22. Be3 Qd7 23. Rac1 h6 24. Bd4 Qe7 25. Qf5 Bc5 26. Rfe1 Qd7 27. Qxd7 Nxd7 28. Bxc5 Nxc5 29. Re7 Nxa6 30. Rd1 Nc5 31. Rxa7 Rfd8 32. d6 Kf8 33. Bd5 Rd7 34. Ra8 Rxa8 35. Bxa8 Nb7 36. Bxb7 1-0

[Event "SVK-chT2C 1920"]
[Site "Slovakia"]
[Date "2020.02.16"]
[Round "9.2"]
[White "Szamos, Alexander"]
[Black "Kostelny, Jozef"]
[Result "1/2-1/2"]
[WhiteElo "2135"]
[BlackElo "2160"]
[PlyCount "45"]
[EventDate "2019.10.26"]
[EventType "team-tourn"]
[EventRounds "11"]
[EventCountry "SVK"]
[SourceTitle "CBM 195 Extra"]
[Source "ChessBase"]
[SourceDate "2020.05.31"]
[SourceVersion "1"]
[SourceVersionDate "2020.05.31"]
[SourceQuality "1"]
[WhiteTeam "Filakovo"]
[BlackTeam "Zilina Mladost II"]
[WhiteTeamCountry "SVK"]
[BlackTeamCountry "SVK"]

1. Nf3 Nf6 2. d4 e6 3. c4 b6 4. g3 Bb7 5. Bg2 Be7 6. 0-0 0-0 7. Nc3 d6 8. Qc2 c5 9. Rd1 Nbd7 10. d5 e5 11. e4 Nh5 12. Qe2 g6 13. Bh6 Ng7 14. Qd2 Bc8 15. Rf1 Nf6 16. h3 Kh8 17. Ng5 Ng8 18. Bxg7+ Kxg7 19. f4 Bf6 20. Nf3 Qe7 21. Rae1 Bd7 22. a4 Rae8 23. b3 1/2-1/2

[Event "SVK-chT2C 1920"]
[Site "Slovakia"]
[Date "2020.02.15"]
[Round "8.2"]
[White "Kostelny, Jozef"]
[Black "Lukac, Roman"]
[Result "1/2-1/2"]
[WhiteElo "2160"]
[BlackElo "2098"]
[PlyCount "124"]
[EventDate "2019.10.26"]
[EventType "team-tourn"]
[EventRounds "11"]
[EventCountry "SVK"]
[SourceTitle "CBM 195 Extra"]
[Source "ChessBase"]
[SourceDate "2020.05.31"]
[SourceVersion "1"]
[SourceVersionDate "2020.05.31"]
[SourceQuality "1"]
[WhiteTeam "Zilina Mladost II"]
[BlackTeam "Detva"]
[WhiteTeamCountry "SVK"]
[BlackTeamCountry "SVK"]

1. d4 Nf6 2. c4 g6 3. Nc3 Bg7 4. e4 d6 5. Nf3 0-0 6. Be2 e5 7. 0-0 Nc6 8. d5 Ne7 9. b4 Nh5 10. Re1 a5 11. bxa5 Rxa5 12. a4 Bd7 13. Nd2 Nf4 14. Nb3 Nxe2+ 15. Qxe2 Ra8 16. a5 f5 17. f3 Rf7 18. c5 Bf8 19. Be3 g5 20. Bxg5 Rg7 21. Bh6 Rg6 22. Bxf8 Qxf8 23. a6 bxa6 24. c6 Bc8 25. Kh1 Rg7 26. Ra2 Ng6 27. exf5 Nf4 28. Qf1 Rb8 29. Nc1 Bxf5 30. Qxa6 Qd8 31. Qa7 h5 32. Rd1 Kh7 33. Qe3 Qh4 34. Ne4 Qe7 35. g3 Nh3 36. Nd3 Rb3 37. Rb2 Ra3 38. Qe2 Qf7 39. Rbd2 Qg6 40. Ndf2 Rf7 41. Nxh3 Bxh3 42. Rd3 Ra4 43. Qe3 Rg7 44. Ra3 Rb4 45. Ra7 Bf5 46. Nf2 Qe8 47. Rb7 Ra4 48. Kg2 Qg8 49. Ne4 Qd8 50. Rd2 h4 51. Nf2 hxg3 52. hxg3 Qh4 53. g4 e4 54. Rxc7 Rxc7 55. gxf5 exf3+ 56. Qxf3 Rg7+ 57. Kf1 Qe7 58. Nd3 Ra1+ 59. Rd1 Rxd1+ 60. Qxd1 Qa7 61. Qh5+ Kg8 62. Qe8+ Kh7 1/2-1/2

[Event "SVK-chT1W 1920"]
[Site "Slovakia"]
[Date "2019.10.12"]
[Round "1.2"]
[White "Berek, Geza"]
[Black "Kostelny, Jozef"]
[Result "1-0"]
[WhiteElo "2157"]
[BlackElo "2179"]
[PlyCount "97"]
[EventDate "2019.10.12"]
[EventType "team-tourn"]
[EventRounds "11"]
[EventCountry "SVK"]
[SourceTitle "CBM 193 Extra"]
[Source "ChessBase"]
[SourceDate "2020.01.31"]
[SourceVersion "1"]
[SourceVersionDate "2020.01.31"]
[SourceQuality "1"]
[WhiteTeam "Batorove Kosihy"]
[BlackTeam "Povazska Bystrica"]
[WhiteTeamCountry "SVK"]
[BlackTeamCountry "SVK"]

1. e4 c5 2. Nf3 Nc6 3. d4 cxd4 4. Nxd4 Nf6 5. Nc3 d6 6. Bg5 e6 7. Qd2 a6 8. 0-0-0 h6 9. Be3 Nxd4 10. Qxd4 e5 11. Qb6 Qxb6 12. Bxb6 Be6 13. f3 Rc8 14. Nd5 Bxd5 15. exd5 Be7 16. Kb1 0-0 17. c4 g6 18. Be2 Kg7 19. b4 Nd7 20. Be3 a5 21. a3 axb4 22. axb4 Ra8 23. Kb2 Ra4 24. Ra1 Rfa8 25. Rxa4 Rxa4 26. Kb3 Ra8 27. Rc1 b6 28. Rc2 Bg5 29. Bf2 Kf8 30. Ra2 Rxa2 31. Kxa2 Ke7 32. Bd1 Bd2 33. Ka3 f5 34. Bc2 Kd8 35. Ka4 Kc7 36. Kb5 Kb7 37. h4 h5 38. g4 hxg4 39. fxg4 e4 40. Bd4 e3 41. Bd1 Ne5 42. Bxe5 dxe5 43. gxf5 gxf5 44. c5 bxc5 45. bxc5 e4 46. d6 Bc3 47. c6+ Kb8 48. c7+ Kb7 49. Bb3 1-0

[Event "SVK-chT 1819"]
[Site "Slovakia"]
[Date "2019.04.14"]
[Round "11.4"]
[White "Kostelny, Jozef"]
[Black "Gasa, Patrik"]
[Result "0-1"]
[WhiteElo "2211"]
[BlackElo "2177"]
[PlyCount "80"]
[EventDate "2018.11.10"]
[EventType "team-tourn"]
[EventRounds "11"]
[EventCountry "SVK"]
[SourceTitle "CBM 189 Extra"]
[Source "ChessBase"]
[SourceDate "2019.06.03"]
[SourceVersion "1"]
[SourceVersionDate "2019.06.03"]
[SourceQuality "1"]
[WhiteTeam "Zilina Mladost"]
[BlackTeam "Osuske"]
[WhiteTeamCountry "SVK"]
[BlackTeamCountry "SVK"]

1. d4 Nf6 2. c4 e6 3. g3 c5 4. d5 exd5 5. cxd5 d6 6. Nc3 g6 7. Bg2 Bg7 8. Nf3 0-0 9. 0-0 Re8 10. Nd2 Nbd7 11. h3 a6 12. a4 b6 13. e4 Ne5 14. Qe2 Nh5 15. Kh2 f5 16. f4 fxe4 17. Ndxe4 Nf7 18. Qf3 Bf5 19. Nd2 Bd7 20. Nc4 b5 21. axb5 axb5 22. Rxa8 Qxa8 23. Nb6 Qb7 24. Nxd7 Qxd7 25. h4 b4 26. Ne4 Qb7 27. Ng5 Nxg5 28. hxg5 Bd4 29. f5 Be5 30. f6 Bxg3+ 31. Kg1 Rf8 32. Bh3 Be5 33. Be6+ Kh8 34. Qg4 Qb5 35. Re1 Qd3 36. Qe2 Qg3+ 37. Kh1 Qh4+ 38. Kg1 Qg3+ 39. Kf1 Nxf6 40. Qf2 Nd7 0-1

[Event "SVK-chT 1819"]
[Site "Slovakia"]
[Date "2018.11.10"]
[Round "1.2"]
[White "Kostelny, Jozef"]
[Black "Fiacan, Robert"]
[Result "0-1"]
[WhiteElo "2211"]
[BlackElo "2213"]
[PlyCount "100"]
[EventDate "2018.11.10"]
[EventType "team-tourn"]
[EventRounds "11"]
[EventCountry "SVK"]
[SourceTitle "CBM 187 Extra"]
[Source "ChessBase"]
[SourceDate "2018.11.04"]
[SourceVersion "1"]
[SourceVersionDate "2018.11.04"]
[SourceQuality "1"]
[WhiteTeam "Zilina Mladost"]
[BlackTeam "Snina Reinter"]
[WhiteTeamCountry "SVK"]
[BlackTeamCountry "SVK"]

1. d4 f5 2. Nf3 Nf6 3. g3 g6 4. Bg2 Bg7 5. 0-0 0-0 6. b3 d6 7. Bb2 Qe8 8. c4 e5 9. dxe5 Ng4 10. Nbd2 Nc6 11. a3 dxe5 12. e4 fxe4 13. Nxe4 Bf5 14. Re1 Rd8 15. Qe2 Nd4 16. Nxd4 exd4 17. h3 Ne3 18. Qd3 Nxg2 19. Kxg2 Qf7 20. f3 b6 21. Re2 c5 22. Rae1 Bh6 23. Bc1 Bxc1 24. Rxc1 a5 25. a4 Qg7 26. Rce1 h6 27. g4 Bc8 28. Nd2 Bb7 29. Re6 Rf6 30. Re7 Rf7 31. R7e6 Kh7 32. h4 Rdf8 33. h5 Rf6 34. Re7 R8f7 35. Rxf7 Qxf7 36. Re5 Kg7 37. hxg6 Qxg6 38. Qe2 Qxg4+ 39. Kf2 Qh4+ 40. Kf1 Qh1+ 41. Kf2 Qh2+ 42. Kf1 Qxe2+ 43. Kxe2 Kf7 44. Kf2 Re6 45. Rf5+ Kg7 46. Rf4 d3 47. Ne4 Bxe4 48. fxe4 Rf6 49. Rxf6 Kxf6 50. Ke3 Ke5 0-1

[Event "Tatry op"]
[Site "Tatranske Zruby"]
[Date "2018.10.03"]
[Round "5"]
[White "Hronik, Petr"]
[Black "Kostelny, Jozef"]
[Result "1/2-1/2"]
[WhiteElo "1899"]
[BlackElo "2193"]
[PlyCount "140"]
[EventDate "2018.09.30"]
[EventType "swiss"]
[EventRounds "9"]
[EventCountry "SVK"]
[SourceTitle "CBM 186 Extra"]
[Source "ChessBase"]
[SourceDate "2018.08.24"]
[SourceVersion "1"]
[SourceVersionDate "2018.08.24"]
[SourceQuality "1"]

1. d4 Nf6 2. c3 b6 3. Bf4 Bb7 4. e3 g6 5. Nf3 Bg7 6. Nbd2 d6 7. h3 Nbd7 8. Be2 0-0 9. 0-0 c5 10. a4 h6 11. Bh2 Re8 12. Qb3 Qc8 13. Bc4 d5 14. Be2 e6 15. Rfc1 c4 16. Qc2 a6 17. Ne5 Nxe5 18. Bxe5 Qd7 19. b4 Qd8 20. Bf3 Bf8 21. a5 Nd7 22. Bh2 e5 23. dxe5 Nxe5 24. Bxe5 Rxe5 25. Nxc4 Rf5 26. Nxb6 Rxf3 27. gxf3 Qg5+ 28. Kf1 Rd8 29. Rd1 Qh5 30. Ke1 Bg7 31. Kd2 Qxh3 32. Kc1 Qxf3 33. Na4 Bc6 34. Nc5 Bb5 35. Kb2 h5 36. Nb3 Bc4 37. Nd4 Qf6 38. Rh1 Rb8 39. Rag1 Kf8 40. f4 Re8 41. Rh3 Qd6 42. Rd1 Re4 43. Ka3 Qe7 44. f5 Rxe3 45. Rxe3 Qxe3 46. fxg6 fxg6 47. Qd2 Bxd4 48. Qxd4 Qe2 49. Rd2 Qe1 50. Rf2+ Kg8 51. Kb2 Qe6 52. Qf6 Qxf6 53. Rxf6 Kg7 54. Rf4 g5 55. Rd4 g4 56. Kc2 g3 57. Rd1 Kf6 58. Kd2 Kf5 59. Ke3 Kg4 60. Rd4+ Kh3 61. Rd1 Kh2 62. Kf3 h4 63. Rd2+ Kh3 64. Rd1 Kh2 65. Rd2+ Kh3 66. Rd1 g2 67. Kf2 Kh2 68. Rg1 h3 69. Rd1 Bb5 70. Re1 Bc4 1/2-1/2

[Event "SVK-chT1E 1718"]
[Site "Slovakia"]
[Date "2018.03.11"]
[Round "11.3"]
[White "Motycakova, Monika"]
[Black "Kostelny, Jozef"]
[Result "1/2-1/2"]
[WhiteElo "2207"]
[BlackElo "2193"]
[PlyCount "183"]
[EventDate "2017.10.21"]
[EventType "team-tourn"]
[EventRounds "11"]
[EventCountry "SVK"]
[SourceTitle "EXT 2019"]
[Source "ChessBase"]
[SourceDate "2018.10.10"]
[SourceVersion "1"]
[SourceVersionDate "2018.10.10"]
[SourceQuality "1"]
[WhiteTeam "Liptov Chess School II"]
[BlackTeam "Zilina Mladost"]
[WhiteTeamCountry "SVK"]
[BlackTeamCountry "SVK"]

1. e4 c5 2. Nf3 Nc6 3. d4 cxd4 4. Nxd4 Nf6 5. Nc3 d6 6. Bg5 e6 7. Qd2 a6 8. 0-0-0 h6 9. Be3 Bd7 10. f3 b5 11. Kb1 Ne5 12. Bd3 b4 13. Nce2 d5 14. exd5 Nxd5 15. Bf2 Rb8 16. Ka1 Bd6 17. Be4 0-0 18. Nf5 Nc4 19. Qd4 Be5 20. Qxc4 Bb5 21. Qb3 Bxe2 22. Rde1 Qf6 23. Bxd5 exd5 24. Nxh6+ gxh6 25. Rxe2 a5 26. Rxe5 Qxe5 27. Bg3 Qe2 28. Bxb8 Rxb8 29. Qxd5 Qxc2 30. Re1 Rc8 31. Qd1 a4 32. Qxc2 Rxc2 33. Rg1 b3 34. a3 Rf2 35. Kb1 Kg7 36. Kc1 Kf6 37. Kb1 Kf5 38. Kc1 Kf4 39. Kb1 f5 40. Kc1 h5 41. Kb1 h4 42. Kc1 h3 43. gxh3 Kxf3 44. h4 Rc2+ 45. Kd1 Rxh2 46. h5 Rxb2 47. Rg6 Rh2 48. Rb6 Ke3 49. Kc1 f4 50. h6 f3 51. Re6+ Kd4 52. Rf6 Ke4 53. Kb1 f2 54. h7 Ke3 55. Re6+ Kf3 56. Rf6+ Kg2 57. Rg6+ Kh1 58. Rf6 Kg1 59. Rg6+ Rg2 60. Rf6 Rh2 61. Rg6+ Kf1 62. Rg7 Ke2 63. Re7+ Kd3 64. Rd7+ Ke4 65. Re7+ Kd4 66. Rd7+ Ke5 67. Rf7 f1Q+ 68. Rxf1 Rxh7 69. Rg1 Rh4 70. Rd1 Rh2 71. Re1+ Kd4 72. Rg1 Re2 73. Rg4+ Re4 74. Rg3 Kc4 75. Rh3 Rd4 76. Kb2 Rd2+ 77. Kb1 Ra2 78. Rh4+ Kb5 79. Rh5+ Kc6 80. Rh6+ Kd5 81. Rh5+ Ke6 82. Rh6+ Kf5 83. Rh5+ Kg4 84. Rh8 Rxa3 85. Rh2 Kf3 86. Rb2 Ke3 87. Rh2 Kd3 88. Rh3+ Ke2 89. Rh2+ Kf3 90. Rb2 Kg3 91. Re2 Kf3 92. Rb2 1/2-1/2